|
|
|
|
| LEADER |
00000cam a2200000 a 4500 |
| 001 |
vtls008345008 |
| 003 |
SK-MaSNL |
| 005 |
20260301020542.0 |
| 008 |
230403s1970 xo da e np 000 0 slo |
| 015 |
|
|
|a SNBA1970/09-02027
|
| 035 |
|
|
|a SK01SNK19700037225
|
| 035 |
|
|
|a urn:nbn:sk:snk-amlava
|
| 035 |
|
|
|a urn:nbn:sk:snk-am0092tk
|
| 035 |
|
|
|a 14D66AC1-5BCC-4E24-B148-4FD4AD9DFC96
|
| 035 |
|
|
|a SKM000039688
|
| 040 |
|
|
|a SNK
|b slo
|c SNK
|e AACR2
|
| 041 |
0 |
|
|a slo
|
| 044 |
|
|
|a xo
|c SK
|
| 080 |
|
|
|a 621.316.7(075.8)
|2 1981
|
| 100 |
1 |
|
|a Kalaš, Václav,
|d 1928-2013
|4 aut
|9 160805
|
| 245 |
1 |
0 |
|a Elektrotechnické regulačné obvody
|n 2
|p Nelineárna, impulzová a číslicová časť
|b ... pre štud. 5. roč. špecializácie Automatizačná technika
|c autori: Václav Kalaš, Michal Boršč
|
| 246 |
3 |
0 |
|a Nelineárna, impulzová a číslicová časť
|
| 250 |
|
|
|a [2.] nezm. vyd.
|
| 260 |
|
|
|a Bratislava
|b Slovenská vysoká škola technická
|c 1970
|
| 300 |
|
|
|a 310, [1] s.
|b grafy, sch., tab.
|c 4°
|
| 366 |
|
|
|e 100 výt.
|
| 504 |
|
|
|a Bibliogr. odkazy
|
| 650 |
0 |
7 |
|a elektrotechnika
|2 SNKPH
|9 3619
|
| 650 |
0 |
7 |
|a regulačné obvody
|2 SNKPH
|9 67121
|
| 655 |
|
7 |
|a učebnice vysokých škôl
|2 SNKPH
|9 70191
|
| 700 |
1 |
|
|a Boršč, Michal,
|d 1938-2012
|4 aut
|9 37259
|
| 852 |
|
|
|a Slovenská národná knižnica
|
| 954 |
|
|
|a odborná, vedecká literatúra pôvodná (slovenská)
|2 lita
|
| 958 |
|
|
|a OND
|
| 958 |
|
|
|a NB
|
| 958 |
|
|
|a EUIPO
|
| 999 |
|
|
|c 563255
|d 565185
|
| 952 |
|
|
|a SNK
|b SNK
|y PREZ
|7 0
|p 17A0808616
|o snkSB 16308/2
|i snkKSP 6682/70
|0 0
|1 0
|4 0
|d 2014-12-17
|f 1
|l 0
|r 2025-03-19 00:00:00
|w 2026-02-23
|
| 952 |
|
|
|a SNK
|b SNK
|y VYP
|7 0
|o snkSB 16308/2 D1
|i snkKSP 6683/70
|0 0
|1 0
|4 0
|d 2014-12-17
|l 0
|r 2026-02-23 13:49:13
|w 2026-02-23
|